000 00841cam a2200205 4500
001 WB3824-05
008 020704n2002 000 0 eng u
035 _a(Sirsi) u118677
245 _aProperty shares continue to slide
260 _c2002
490 _aProperty Week
_v67(25) 28 June 2002, 17(1)
520 _aProperty shares continue to plunge with a £800m loss in value recorded last week. Of the major property companies, Hammerson, Canary Wharf, Slough and Land Securities suffered most. Table showing property companies' performance and graph showing property share performance.
590 _aWB
650 _aPROPERTY SHARES
650 _aPROPERTY INVESTMENT
650 _aPROPERTY COMPANIES
650 _aSTOCK MARKET
690 _aPROPERTY-COMMERCIAL PROPERTY-COMMERCIAL PROPERTY FINANCE AND INVESTMENT
942 _n0
999 _c70677
_d70677